000 00420cam a2200169ua 4500
020 _c$2/75
041 _aeng
_h
082 _a370.1523
_bCRA/TR
100 _aRobert, C .
245 _aTrasfer value of guided learning /
_cCraig.
_hTextual Documents
260 _aNewyork :
_bBureau of publications ,
_c1953.
300 _a85 ; .
365 _a$2/75
504 _a
999 _c11269
_d11269